Tania ANGELOFF : Le temps partiel, un marché de dupes ? Syros, Paris, 2000,225 pages. (notice n° 2224023)

détails MARC
000 -LEADER
fixed length control field 01960cam a2200169 4500500
005 - DATE AND TIME OF LATEST TRANSACTION
control field 20260426012438.0
041 ## - LANGUAGE CODE
Language code of text/sound track or separate title fre
042 ## - AUTHENTICATION CODE
Authentication code dc
100 10 - MAIN ENTRY--PERSONAL NAME
Personal name Verret, Michel
Relator term author
245 00 - TITLE STATEMENT
Title Tania ANGELOFF : Le temps partiel, un marché de dupes ? Syros, Paris, 2000,225 pages.
260 ## - PUBLICATION, DISTRIBUTION, ETC.
Date of publication, distribution, etc. 2002.<br/>
500 ## - GENERAL NOTE
General note 72
520 ## - SUMMARY, ETC.
Summary, etc. L'entrepreunariat est à la mode. Du pouvoir politique à l'université en passant par l'entreprise, tout le monde prêche le nouvel évangile de la création d'entreprise. Avec ce nouveau credo de la création d'entreprise à tout prix, n'importe quel prix, à coté de quelques réussites que l'on doit saluer se préparent des lendemains qui déchantent. Pour bien des créateurs le rêve pourrait se terminer en cauchemar les voyant rejoindre les rangs des travailleurs pauvres. Ils en viendraient à regretter amèrement le temps heureux où ils étaient salariés et bénéficiaient des protections sociales qu'ils ont perdues en étant artificiellement chassés du salariat par la création de "leur" entreprise
520 ## - SUMMARY, ETC.
Summary, etc. From wageearning to Independent Work: Invitation to Economic Dynamism or Apologia for Self Employment? Entrepreneurship is in vogue. From political power to university, by the way of enterprise, everybody preaches the new Gospel of venture creation. With this new credo of venture creation at any cost, even if some successes have to be valued, many creators may have gloomy days ahead. For many creators, the dream could turn into a nightmare, and they could join the ranks of poorer workers. They would then bitterly regret the happy days when they were wage-earners and benefited from social protection, they have lost when pushed out of the wage-earning class further to the creation of "their" business.
786 0# - DATA SOURCE ENTRY
Note Innovations | 15 | 1 | 2002-03-01 | p. 203b-214b | 1267-4982
856 41 - ELECTRONIC LOCATION AND ACCESS
Uniform Resource Identifier <a href="https://shs.cairn.info/revue-innovations-2002-1-page-203b?lang=fr&redirect-ssocas=7080">https://shs.cairn.info/revue-innovations-2002-1-page-203b?lang=fr&redirect-ssocas=7080</a>

Pas d'exemplaire disponible.

PLUDOC

PLUDOC est la plateforme unique et centralisée de gestion des bibliothèques physiques et numériques de Guinée administré par le CEDUST. Elle est la plus grande base de données de ressources documentaires pour les Étudiants, Enseignants chercheurs et Chercheurs de Guinée.

Adresse

627 919 101/664 919 101

25 boulevard du commerce
Kaloum, Conakry, Guinée

Réseaux sociaux

Powered by Netsen Group @ 2025